| 000 | 00991nam a22002537a 4500 | ||
|---|---|---|---|
| 005 | 2010081600260.0 | ||
| 008 | 090601t xxu||||| |||| 00| 0 Ur d | ||
| 010 | _aUR-7738 | ||
| 020 | _c350.00 | ||
| 035 | _aU-6293 | ||
| 040 |
_adpl _bUrdu |
||
| 082 | _aک | ||
| 100 |
_aشبیراحمد _913525 |
||
| 245 |
_aسرخوش شناسی / _cشبیراحمد |
||
| 246 |
_aSarkhush Shenasi / _bby Shabbir Ahmad |
||
| 260 |
_aشبیراحمد _c2008 |
||
| 270 | _aShabbir Ahmad | ||
| 300 |
_a223 ص _b22 س م (Hb) |
||
| 700 | _913766 | ||
| 710 |
_aساحل احمد _913526 |
||
| 942 |
_2ddc _cUR _h841.08 _mس ہ ی |
||
| 999 |
_c42078 _d42078 |
||